[Event "Oregon Class Championships"]
[Site "Portland, OR"]
[Date "2023.11.04"]
[Round "2"]
[White "Vega, Isaac"]
[Black "Omori, Michael"]
[Result "0-1"]
[WhiteElo "1824"]
[BlackElo "2153"]
[Annotator "Michael Omori"]
[PlyCount "74"]
[EventDate "2023.11.04"]
[EventType "swiss"]
[EventCountry "USA"]

{[%evp 0,74,28,5,78,-4,-7,-10,35,30,63,3,5,7,17,7,6,-6,36,-54,-39,-35,-27,-35,-34,-67,-30,-52,-24,-58,-42,-60,-41,-49,-36,-122,-127,-132,-113,-159,-104,-176,-161,-189,-180,-160,-180,-193,-171,-316,47,38,180,-151,-164,-195,-226,-297,-215,-211,-219,-219,-235,-189,-307,-381,-386,-589,-589,-1052,-953,-1046,-1046,-1046,-1132,-1200,-1323]} 1. e4 g6 2. f4 $6 {Inaccuracy. d4 was best.} d5 {I had recently played Isaac in a tourney the previous month as black and decided to mix things up. This was my prep and I chose this move order over a c5 setup first as this way I could get my light square bishop out of my pawn structure. This move ordering already gives black a slight advantage as white doesn't really want to take d5 because the king will be exposed in an open position and with e5, black gets a superior setup compared to similar openings.} 3. e5 c5 {a must to maintain the fight over the d4 square} 4. Nc3 {innacurate because the knight can get kicked easily} a6 $6 {Inaccuracy. Nc6 was best. A miscalculation on my part as I thought after nc6, bb5, I was going to get the classic doubled pawns, but I missed nxe5!} (4... Nc6 5. Bb5 Bd7 6. Nf3 (6. Bxc6 Bxc6 7. d4) (6. Nxd5 Nxe5 7. Bxd7+ Nxd7 8. Qe2 Bg7 9. Nf3 Nh6 10. O-O e6 11. d3 O-O 12. Nc3 Qc7 13. Bd2 Nf5 14. Rac1 Nf6 15. Kh1 h5 16. Ne5 Rac8 17. b3 Rfe8 18. Ne4 Nd7 19. Nf3 b5 20. c3 a5 21. Rb1 Nf6 22. Ne5 b4 23. Rbc1 Qb7) 6... Nh6 7. Bxc6 Bxc6 8. d4 Nf5 9. Ne2 e6 10. c3 h5 11. Ng3) 5. a4 $2 {Mistake. d4 was best. stopping b5} (5. d4 e6 6. Nf3 Nh6 7. Bd3 Nc6 8. Be3 c4 9. Be2 b5 10. a3 Nf5 11. Bf2 h5) 5... Nc6 6. Nf3 Bg4 {pin to win} 7. Be2 e6 8. O-O h5 9. Ne1 Bxe2 {I was happy to trade off my bad bishop, though I missed the very strong idea of nh6} (9... Nh6 10. Bxg4 hxg4 11. g3 Qc7 12. d3 O-O-O 13. Bd2 c4 14. Rb1 Bc5+ 15. Kg2 Nf5 16. Qxg4 Be3 17. Qe2 Ncd4) 10. Nxe2 Nh6 11. Nf3 Nf5 12. g3 Be7 13. c3 {Having gotten my pieces into their optimal squares, with a strong knight outpost on f5. It was time to determine my plan, and I was debating between d4 and c4 as white's idea is to go d4 and solidify the center. My gut told me to go d4, but I calculated for a few minutes and chose the slightly inferior plan of c4.} c4 $6 {Inaccuracy. d4 was best.} (13... d4 14. d3 Qb6 15. Bd2 O-O (15... O-O-O {I missed the bold plan of queenside castling as it looked risky but according to the computer, black has nothing to fear.} 16. cxd4 Kb8 17. dxc5 (17. a5 Qb5 18. d5 Rxd5 (18... exd5 19. Qc2 Nb4 20. Bxb4 cxb4 21. Qb3 Rd7)) 17... Bxc5+ 18. Kh1) 16. c4 {I had calculated this variation, in which black maintains the space advantage, but it doesn't look decisive.}) 14. b4 $2 {Mistake. d4 was best. I'm guessing the next move was missed.} (14. d4 b5 (14... Na5) (14... cxd3 15. Qxd3) 15. axb5 axb5 16. Bd2) 14... d4 15. cxd4 Nxb4 $6 {Inaccuracy. Nfxd4 was best. At this point I have 4 different captures and I spent about 4 minutes unsure of which one to choose, so I just picked one, and unluckily the worst option according to stockfish.} (15... Nfxd4 16. Nexd4) (15... Ncxd4 16. Nexd4 Nxd4 17. Rb1 h4 18. g4 Qb6 19. Kg2 (19. Kh1 O-O-O 20. b5 h3 21. Nxd4 Rxd4 22. Qe2 Rhd8 23. Bb2 (23. Qe3 Qa5 24. bxa6 Qd5+ 25. Qf3 bxa6 26. Qxd5 R8xd5 27. Rb6 Re4 28. Rxa6 (28. f5 gxf5 29. gxf5) 28... Kb7))) 16. Ba3 (16. a5 O-O 17. Ba3) 16... a5 17. Bxb4 $2 {Mistake. Qb1 was best.} (17. Qb1 Qd5 18. Nc3 Qd7 19. Qe4 O-O 20. Rfc1 Rfd8 21. Nb5 Rdc8 22. Kg2 Ra6 23. Rab1 Rb6) 17... axb4 {In this position black should have good chances of converting with a passed pawn 3 moves away from queening and white's pawn structure severely compromised with doubled pawn in the center, black's strong bishop, and black's a8 rook pressuring the isolated a4 pawn.} 18. Qc2 Qd5 19. h3 $6 {Inaccuracy. Rac1 was best.} (19. Rac1 Rc8 20. h3 Kf8 21. Kf2 Kg7 22. Ra1 b6 23. Rfc1 Rc7 24. Rab1 Ra8 25. g4 Nh4) 19... Kf8 $6 {Inaccuracy. b5 was best. A standard procedure to castle by hand and keep the rook on the file that may be potentially opened.} (19... b5 20. a5 (20. axb5 Rxa1 21. Rxa1) 20... b3 21. Qb1 (21. Qb2 b4 22. a6 Ra7) 21... b4 22. a6 Kf8 23. Qe1 Kg7 24. Qf2 b2 25. Rab1 Rxa6 26. Rxb2) 20. Kf2 {A very clever idea to get the rook to the h1 square and potentially let the king flee to the queenside.} Kg7 {fianchettoing the king} 21. Rh1 b6 22. Rac1 $2 {Mistake. Rhc1 was best.} (22. Rhc1 Rhc8 23. Rcb1 Ra5 24. Rc1 Qa8 25. Qb2 Qb7 26. Rc2 Qd5 27. Qc1 Raa8 28. g4 Nh4) 22... Rac8 $2 {Mistake. b5 was best.} (22... b5 {I missed this very nice idea which is a temporary pawn sac, but if white takes the poisoned pawn, black can invade with the rook and dominate the 3rd rank.} 23. Rhf1 (23. axb5 Ra3 24. Nh2 (24. Ne1) 24... Rc8 (24... Nxg3 25. Nxg3 Bh4 26. Rhg1 Qxd4+ 27. Ke2 Bxg3 28. Qxc4 Qf2+ 29. Kd1 Qxg1+ 30. Kc2 Qxh2) 25. Qb2 Rd3 26. Rhg1 h4 27. g4 Nxd4 28. Nxd4 Rxd4) 23... Rxa4 24. Ra1 Rha8 25. Rxa4 bxa4 26. g4 Nh4 27. Nxh4 Bxh4+ 28. Kg1 a3 29. f5) 23. Rcg1 $6 {Inaccuracy. Qa2 was best.} (23. Qa2 b3 24. Qa1 Qa8 25. Nc3 Rhd8 26. Nb5 Kg8 27. Rhd1 h4 28. g4 Ng3 29. d3 cxd3) 23... Rhd8 {My longest think of the game for 17 minutes. My pieces were mostly in good squares, so moving any of them would make a slight concession. I was calculating nxd4 but it doesn't work out well enough. Unable to resist the urge to pawn grab, I piled up onto d4 hoping to get my reward.} (23... Nxd4 24. Nexd4 Bc5 25. Ke3 Rhd8 26. Qe4 Bxd4+ 27. Nxd4) 24. g4 hxg4 $6 {Inaccuracy. Nxd4 was best.} (24... Nxd4 25. Nexd4 Bc5 26. Kg2 b3 27. Qb1 Bxd4 28. Rc1 b2 29. Rc3 Bxc3 30. dxc3 Qb7 31. Qxb2) 25. hxg4 Nxd4 26. Nexd4 Bc5 {the tactical shot} 27. Kg3 Bxd4 28. Rg2 Rh8 29. Rgh2 b3 30. Qb1 b2 {the pawn ties down the queen} 31. Ng5 Rxh2 32. Rxh2 Bxe5 {black has several options but I thought this was the most fun} (32... Qd7 {black could get easily get into trouble with a lazy move} 33. Rh7+ Kg8 34. Qh1) 33. Rh7+ Kg8 34. Rxf7 Qd3+ {removing the defender} 35. Qxd3 cxd3 36. fxe5 b1=Q 37. Rf6 Qe1+ {0-1} 0-1

[Event "Oregon Class Championships"]
[Site "Portland, OR"]
[Date "2023.11.04"]
[Round "4"]
[White "Morehouse, Ethan"]
[Black "Sherrard, Jerry"]
[Result "1-0"]
[WhiteElo "1806"]
[BlackElo "1915"]
[Annotator "Ethan Morehouse"]
[PlyCount "97"]
[EventDate "2023.11.04"]
[EventType "swiss"]
[EventCountry "USA"]

1. e4 c5 2. Nf3 d6 3. d4 cxd4 4. Nxd4 Nf6 5. Nc3 a6 6. Be3 e5 7. Nb3 Be6 8. f3 h5 9. Qd2 Nbd7 10. O-O-O Rc8 11. Kb1 Qc7 12. Nd5 Bxd5 13. exd5 g6 14. c4 {c4 was the last idea that I had reviewed in this line, so from here on out I had to come up with my own plans. It proved to be difficult in this position} b6 15. Rc1 Be7 16. Bd3 Kf8 17. Qf2 Kg7 18. Be4 Nc5 (18... Nxe4 19. fxe4 {would give away the bishop pair, but strengthen my center and give me the half open f-file.} Rcf8 20. Nd2 Nc5 21. Rc3) 19. Nxc5 bxc5 20. Rc3 Rb8 21. Qc2 Rb7 22. b3 h4 23. f4 exf4 24. Bxf4 Nh5 25. Bc1 Bf6 26. Rf3 Qe7 27. Rhf1 Bd4 28. Bb2 (28. Rxf7+ {I had assumed this would be better for me, but if you take a closer look} Qxf7 29. Rxf7+ Rxf7 30. Bf3 (30. Bxg6 Rf2 $1) 30... Re8 {all of black's pieces activate and mine are stuck defending}) 28... Qe5 29. Bxd4 Qxd4 30. Qb2 Qxb2+ 31. Kxb2 Re7 32. Bd3 f5 33. Kc3 Nf6 34. g3 hxg3 35. Rxg3 Kf7 36. h3 Nh5 37. Rgf3 Rhe8 38. Kd2 Kf6 39. R1f2 Re5 (39... Re1 {A little trick I had concocted} 40. Rxf5+ gxf5 41. Rxf5+ Kg7 (41... Kg6 42. Re5+) 42. Rxh5 {It's probably still winning for black after} Ra1 {but I thought I'd complicate things}) 40. a3 f4 41. Be2 g5 42. Rd3 Ng7 43. h4 Nf5 44. hxg5+ Kxg5 45. Rg2+ Ng3 46. Bf3 Re3 {He played this move in about a minute and just overlooked that his pawn was overloaded} 47. Rxg3+ fxg3 48. Rxe3 Rh8 49. Re2 1-0

[Event "Oregon Class Championships"]
[Site "Portland, OR"]
[Date "2023.11.05"]
[Round "4"]
[White "Stephen Willy"]
[Black "Carl Haessler"]
[Result "1-0"]
[WhiteElo "2214"]
[BlackElo "2200"]
[Annotator "Wilson Gibbins"]
[PlyCount "69"]
[EventDate "2023.11.04"]
[EventType "swiss"]
[EventCountry "USA"]
[WhiteTeam "US"]
[BlackTeam "US"]

{[%evp 0,69,19,38,25,16,75,61,61,56,98,86,87,53,56,31,34,0,4,-4,46,53,70,41,47,45,53,41,74,51,78,78,50,20,9,-30,-51,-48,-48,-40,-40,-53,57,51,229,-9,-23,-62,0,-62,20,-158,-160,-151,-138,-276,-41,-54,170,146,245,3,93,78,214,-26,563,563,727,721,1149,1398] Carl was in good form, starting the tournament with two wins and a fighting draw against Jason Cigan. Stephen Willy was in good form demonstrated by his Oregon Open co-championship in September and obtaining a National Master title in October. So this shaped up to be a key game in the tournament. Carl invited me to analyze the game with him during the downtime between rounds 4 and 5. As we started to look at the game a small crowd gathered, eventually including Stephen Willy. There were lots of suggested alternatives to the moves the players chose, but the suggestions rarely led to clarity. Therefore, I was interested to see what the engines had to say. They confirmed that this was a very complicated game.  Comments from the players will be prefixed by their names, followed by a colon. All comments without prefixes should be blamed on Wilson Gibbins.} 1. e4 e5 2. Nf3 d6 {Is Carl planning to bleed some of the life out of the game with a stogy Philidor Defense with the hope of minimizing the creative attacking dreams of his opponent who is over 50 years younger?} 3. d4 exd4 4. Nxd4 g6 {No way - Carl is young at heart and plays the ultra-aggressive Larsen variation of the Philidor Defense. It is sort of like a Dragon Sicilian, with the exception that Black has a half-open e-file instead of a half-open c-file. This seems like a bad tradeoff to a Sicilian player. But as someone who has stumbled into this line as White, I have seen Black's c-pawn advance rapidly towards my long castled king. The evaluation of this position isn't as simple as calling it a better version of the Yugoslav Attack in the Dragon Sicilian.} 5. Nc3 Bg7 6. Be3 Nf6 7. h3 {Stephen chooses a less popular line where the outcome of the game will rely on both players' abilities to improvise.} ({The main lines are} 7. Qd2) ({and} 7. f3 {aiming to castle long, advance the h-pawn, trade off dark squared bishops with Be3-h6, and "sac, sac, and mate" as Bobby Fischer put it.}) {Stephen Willy: When I played h3 for some reason I thought if i played f3 there would be eventual problems with d5 (funny enough there aren't after f3 but there is after what I played).} 7... O-O 8. g4 Re8 {Carl uses the open e-file that was mentioned in the note to move 4.} ({Carl can simplify his way to equality by borrowing from the Dragon Sicilian and using the standard pawn break} 8... d5 {but that would have deprived us of a very entertaining game.}) 9. Bg2 c6 10. Qd2 Na6 {This reminds me of the game Cesareo Tongco played against Andrew Carson in the 2023 Oregon Open, which you can see on page 14 of your November 2023 issue.} 11. O-O {Cesareo castled long, and his king did come under attack before he pulled out the win. Stephen decides that discretion is the better part of valor.} Nc5 12. f3 {White's kingside is starting to look a little drafty, but his space advantage combined with good development allows Stephen to keep everything under control. Well, at least for a little while.} a5 13. Rad1 Qe7 14. Rfe1 h5 {Carl tries to open lines around that drafty kingside} 15. Bf4 {Shoring up the dark squares around White's king and bearing down on the weak d-pawn.} ({Stockfish prefers to grab space.} 15. g5 Nfd7 16. f4 {Since Black can't easily attack the e-pawn with a second minor piece, White can afford to advance the f-pawn, as he no longer needs pawn protection of e4.  Stephen Willy: Of course instead of Bf4 I should play g5 and f4 I saw what he played but underestimated it.}) 15... hxg4 16. fxg4 $1 {I will be sprinkling in a few exclamation marks for moves that are by no means winning and only slightly better than the alternatives but are non-intuitive to your author. Here is the first. White (1) gives up pawn protection of his e-pawn, (2) grants Black a permanent outpost on e5 and (3) takes on a third pawn island, so this is not a move I would choose. But it is a good move, as issues 1 and 3 will disappear on the next move. Stephen Willy: My decision of fxg4 was probably to open up the light squared bishop.} Nfd7 17. Nf5 $1 {This isn't a winning move - the game is still equal. But it is the best move in the position, creating a position where, as Tal put it, "You must take your opponent into a deep dark forest where 2+2=5, and the path leading out is only wide enough for one." Stephen Willy: I played Nf5 as if I don't I just get a worse position after he gets a blockade on e5 so why not try to complicate things.} gxf5 18. Bxd6 Qh4 {Carl is following the path so far, but this position has so many candidate moves that appear to result in the evaluation "unclear" that he is unlikely to stay on the path for long.} 19. exf5 Be5 {Better than all alternatives except one.} (19... Rxe1+ 20. Rxe1 b6 $1 $11 {a quiet move in a sharp position, not easy to find. Stockfish says White has lots of tries, but all result in equality.}) 20. Re3 b6 21. Rde1 Qf6 ({As further demonstration of how irrational this position is, Black's best move is} 21... Qh6 $16 {where White's only reply that retains a significant advantage is to give up one of his pawns and the potential of a rolling kingside pawn majority with} 22. g5 {luring Black's queen off the attack of the bishop on d6 so White can play Qf2} (22. Qf2 $2 Qxd6) 22... Qxg5 23. Qf2 $1 Bxd6 $1 (23... Qf6 24. Bxe5 Rxe5 25. Qg3+ {another reason for the g4-g5 pawn sacrifice - open up the g-file.} Kf8 26. Rxe5 Nxe5 27. Rxe5 $16) 24. Rxe8+ Kh7 25. Qd4 $1 $16 Bf8 $8) 22. Kh1 $2 {Stephen also faces the problem of consistently finding best moves in a complex position.} ({It seems funny to be grubbing pawns in such a sharp position, but} 22. Bxc6 $1 $18 {opens the d5 and b5 squares for White's knight on c3.} Bd4 (22... Bb7 23. Bxb7 Nxb7 24. Bxe5 Nxe5 25. Qd5 Nd6 26. Rxe5) 23. Nd5 {Stephen Willy: I saw Bxc6 ideas but didn't play it on move 22 because I was worried about Bd4 however this is met with Nd5 and I am winning} Qxd6 24. Qxd4 Rxe3 25. Rxe3 Bb7 26. Ne7+) 22... Bb7 $11 {And Carl is back in the game.} 23. a3 a4 $1 {stops White from playing b2-b4 to drive away the knight on c5, and perhaps Black will develop the rook on a8 to a5 to defend across the fifth rank.} 24. R1e2 {Stephen Willy: At this point we were pretty low on time making a huge influence on the decisions.} Red8 $6 ({Many Black moves retain the balance, but Stockfish likes} 24... Kg7 {the most}) 25. Bxe5 $14 Nxe5 26. Qe1 Nc4 27. Rg3 ({Once again Stockfish suggests sacrificing one of pawns in White's potential kingside pawn roller with} 27. g5 $1 Qxf5 28. Rf3 Qg6 29. Qh4 Nd7 $1 {stopping 30.Rf6} 30. Ne4 $1 Ra5 $1 {Black's queenside rook finally decides to contribute to the effort in the late middlegame.} 31. Rd3 Rd5 $1 32. Nf6+ Nxf6 33. gxf6 Rxd3 34. cxd3 {And Stockfish claims a very slight edge for White after an unlikely sequence of "only" moves.} Nd6 $1 35. Be4 $1 Nxe4 $1 36. Rg2 $1 Nd6 $1 {though this position looks extremely unclear to me.}) 27... Kf8 $2 {Carl's king can run but it can't hide.} ({In the post-mortem I suggested trying to block the pawn roller using Black's queen, a piece not known as great blockader.} 27... Qg5 28. Rf3 {threatening 29.h4, as 29...Qxg4 fails to 30.Rg3, pinning the queen. But I didn't see the sequence leading to a repetition of moves} Nd2 ({Black can play on with} 28... Nd6) ({or} 28... Ba6) 29. Rfe3 Nc4 30. Rf3 Nd2) ({My suggestion isn't nearly as good as} 27... Qh4) ({or} 27... Nd6 {with an edge for Black, though there is still a lot of chess to be played.}) 28. g5 $1 $14 Qxf5 29. g6 Nd7 $2 {After conducting a creative defense in a series of mind-boggling positions, Carl finally oversteps the bounds of playability. It is logical to bring a piece back to the defense of the king, but unfortunately there are tactical issues. Well, maybe not so unfortunate for Stephen.} (29... Nd6 30. gxf7 Qf6 $16) 30. Be4 {Reaching a winning position again} ({But there were better moves, including} 30. Rf2) ({and} 30. gxf7) 30... Qh5 31. Rf2 f6 32. Qf1 {Attacking the knight on c4 and threatening to take with the rook on f6} (32. g7+ $1 {is even better} Kg8 33. Bg6 Qe5 34. Re2) 32... Kg7 (32... Nce5 {requires White to find a lot of "only" moves} 33. Rxf6+ Kg8 34. Rf7 $1 Rf8 35. Qf4 $1 Rae8 36. h4 $1 Ba6 37. Rg5 Qh6 38. Nd5 $1 cxd5 $2 {but all other moves are also losing} 39. Bxd5 {and despite Black's two extra pieces there is too much firepower raining down on his king, with discovered checks and passed pawns rearing their ugly heads.}) 33. Qxc4 Ne5 34. Qe6 Rf8 35. Qe7+ {A crazy game. Carl Haessler: Yes, it was a crazy game indeed. It nicely illustrates the battle between calculation and "feel".} 1-0

[Event "Oregon Class Championships"]
[Site "Portland, OR"]
[Date "2023.11.05"]
[Round "5"]
[White "Bhaskaran, Sidharth"]
[Black "Morehouse, Ethan"]
[Result "1-0"]
[WhiteElo "1824"]
[BlackElo "1806"]
[Annotator "Ethan Morehouse"]
[PlyCount "83"]
[EventDate "2023.11.04"]
[EventType "swiss"]
[EventCountry "USA"]

1. Nf3 Nf6 2. g3 g6 3. Bg2 Bg7 4. O-O O-O 5. c4 d6 6. d4 Nbd7 7. Nc3 e5 8. e3 c6 9. b3 Qc7 (9... Re8 {is the typical plan which I had forgotten otb} 10. Bb2 e4 11. Nd2 d5) 10. Bb2 (10. Ba3 {was the move I expected and the plan was} Rd8 11. Rc1 Nf8 {If he chose to close the center} 12. d5 c5 13. Nd2 {I evaluated here that although he controls the e4 square, my bishops would be easier to activate with ideas like Bf5, h5 and Bh6.}) 10... Ne8 11. b4 f5 12. c5 e4 13. cxd6 Nxd6 14. Qb3+ Kh8 15. Nd2 (15. Ng5 Nb6 16. Nh3 {was another plan for white I evaluated. It seemed better to me since the f4 knight will control more important squares in my position like d5 and e6.}) 15... Nb6 16. a4 Qf7 17. Rac1 (17. Qxf7 Rxf7 18. a5 Nd5 19. Nxd5 cxd5 20. Rfc1 {I evaluated as best since white gets control of the open file, though my minor pieces are currently in much better condition.}) 17... Be6 18. Qc2 Nd5 19. Nxd5 Bxd5 20. f3 Qe6 21. fxe4 fxe4 22. Rfe1 Rae8 23. Ba3 b5 24. axb5 cxb5 25. Qd1 Rc8 26. Qe2 Nc4 27. Nxc4 Bxc4 28. Qd2 Rc6 29. Red1 Qd5 30. Bb2 Rcf6 31. Qc2 Rf2 $2 (31... Bh6 32. Re1 {I wanted to play this but couldn't come up with a plan. Ideally I wanted to move the queen, but then there's issues with d5. Maybe I should've just waited with something like} Re8 {and continued to slow play} (32... Kg8 $1 {Stepping out of the x-ray from the bishop} 33. Bxe4 (33. Qxe4 Qxe4 34. Bxe4 Re8) 33... Qf7 34. d5 Bxe3+ $1 35. Kh1 (35. Rxe3 $4 Rf1+ 36. Kg2 Rf2+) 35... Bxc1 (35... Rf2 36. Qc3) 36. Bxf6 Qxf6 37. Rxc1 {Unclear who is better here.})) 32. Qxf2 Rxf2 33. Kxf2 Qh5 34. Re1 Qf5+ 35. Kg1 Qe6 36. Ra1 Qe7 (36... a6 {I didn't see this but I'm able to defend this pawn after} 37. Ra3 Bh6 38. Rea1 Bd5 39. Bc1 (39. Rxa6 Bxe3+ 40. Kh1) 39... Bb7) 37. Bc3 Kg8 38. Ra3 Bh6 39. Bd2 Bd3 (39... Bd5 40. Rea1 Qc7 41. Rc3 (41. Rxa7 Qc2) 41... Qb7 {seems to defend a little better}) 40. Rea1 Qc7 41. Rc3 (41. Rxa7 Qc2 42. R7a2 {White is winning, and the last attempt to complicate things would've been} Qxd2 43. Rxd2 Bxe3+ 44. Rf2 $1 (44. Kh1 $4 Bxd2 $10)) 41... Qb7 {I had calculated this move when I thought of playing 39. Bd5, and automatically played this and immediately realized...} 42. Rxd3 {I could've resigned here since there is little to no counterplay in the position. I played on, but went under 5 mins so I lost the notation. My opponent cleanly converted and ended up winning.} 1-0